[Event "20th European Teams Women"]
[Site "Reykjavik ISL"]
[Date "2015.11.14"]
[Round "2.15"]
[Board "3"]
[White "Turunen, Tiina"]
[Black "Guindy, Esmat"]
[Result "0-1"]
[BlackTitle "WFM"]
[WhiteElo "1764"]
[BlackElo "2057"]
[WhiteTeam "Finland"]
[BlackTeam "Denmark"]
[WhiteFideId "510947"]
[BlackFideId "1401637"]
[EventDate "2015.11.13"]

1. d4 d5 2. c4 e6 3. Nf3 Nf6 4. Bf4 Be7 5. e3 O-O 6. Nbd2 b6 7. Be2 Bb7 8. O-O
Nbd7 9. Rc1 Rc8 10. Bg5 Ne4 11. Bxe7 Qxe7 12. Nxe4 dxe4 13. Nd2 c5 14. Qc2 f5
15. Nb3 cxd4 16. Nxd4 e5 17. Nb3 f4 18. Bg4 Rc7 19. Bxd7 Qxd7 20. Nd2 f3 21.
gxf3 exf3 22. Kh1 Qh3 23. Rg1 Rf6 24. Rg3 Qh4 25. Rcg1 Rh6 26. Nf1 Bc8 27. Qc3
Rd7 0-1

[Event "20th European Teams Women"]
[Site "Reykjavik ISL"]
[Date "2015.11.14"]
[Round "2.15"]
[Board "4"]
[White "Stolberg-Rohr, Thomine"]
[Black "Kujasalo, Marjatta"]
[Result "1-0"]
[WhiteTitle "WFM"]
[WhiteElo "1985"]
[BlackElo "1605"]
[WhiteTeam "Denmark"]
[BlackTeam "Finland"]
[WhiteFideId "1504258"]
[BlackFideId "507466"]
[EventDate "2015.11.13"]

1. c4 c5 2. Nc3 Nc6 3. g3 Nf6 4. Bg2 d6 5. Nf3 g6 6. O-O Bg7 7. e3 O-O 8. d4
cxd4 9. exd4 e6 10. Rb1 a6 11. h3 Rb8 12. Qe2 Re8 13. Rd1 Qc7 14. Be3 e5 15. b3
exd4 16. Nxd4 Nxd4 17. Rxd4 Bf5 18. Rc1 Rbd8 19. Rdd1 h5 20. Qf3 Bc8 21. Bg5 Re6
22. Nd5 Qa5 23. Bxf6 Bxf6 24. Nxf6+ Kg7 25. Ne4 Qe5 26. Qc3 Qxc3 27. Rxc3 f5 28.
Nc5 Re7 29. Re3 Rc7 30. Ne6+ 1-0

[Event "20th European Teams Women"]
[Site "Reykjavik ISL"]
[Date "2015.11.15"]
[Round "3.1"]
[Board "4"]
[White "Movileanu, Daniela"]
[Black "Goryachkina, Aleksandra"]
[Result "0-1"]
[WhiteTitle "WFM"]
[BlackTitle "WGM"]
[WhiteElo "2192"]
[BlackElo "2478"]
[WhiteTeam "Italy"]
[BlackTeam "Russia"]
[WhiteFideId "873349"]
[BlackFideId "4147103"]
[EventDate "2015.11.13"]

1. e4 c6 2. d4 d5 3. Nd2 dxe4 4. Nxe4 Bf5 5. Ng3 Bg6 6. Nh3 Nd7 7. Nf4 Qc7 8.
Be3 e6 9. c3 Bd6 10. Ngh5 O-O-O 11. Qf3 e5 12. dxe5 Nxe5 13. Qh3+ Kb8 14. Be2
Ne7 15. g4 Be4 16. f3 Bd5 17. Qg2 g6 18. Nf6 Nxf3+ 19. Bxf3 Bxf4 20. Bxf4 Qxf4
21. O-O Bc4 22. Be2 Qe3+ 23. Rf2 Bxe2 0-1

[Event "20th European Teams Women"]
[Site "Reykjavik ISL"]
[Date "2015.11.15"]
[Round "3.2"]
[Board "3"]
[White "Zhukova, Natalia"]
[Black "Javakhishvili, Lela"]
[Result "0-1"]
[WhiteTitle "GM"]
[BlackTitle "IM"]
[WhiteElo "2480"]
[BlackElo "2479"]
[WhiteTeam "Ukraine"]
[BlackTeam "Georgia"]
[WhiteFideId "14101513"]
[BlackFideId "13601458"]
[EventDate "2015.11.13"]

1. c4 Nf6 2. Nc3 e5 3. e3 Nc6 4. Nf3 Bb4 5. Qc2 Bxc3 6. Qxc3 Qe7 7. Be2 d5 8.
O-O d4 9. exd4 exd4 10. Qa3 Qxa3 11. bxa3 Bf5 12. Bb2 O-O-O 13. Rfe1 Rhe8 14. h3
h6 15. d3 g5 16. Bf1 Bg6 17. Rac1 Rxe1 18. Rxe1 Nh5 19. g3 Ng7 20. Ne5 Re8 21.
Nf3 Rd8 22. Ne5 Re8 23. Nf3 Rxe1 24. Nxe1 Ne6 25. Nf3 Kd7 26. Be2 Kd6 27. Kf1
Bf5 28. g4 Bg6 29. Ke1 a6 30. Kd2 Kc5 31. h4 f6 32. h5 Bh7 33. Ne1 f5 34. Nc2
fxg4 35. Bxg4 Nf4 36. Nb4 Ne5 37. Bc8 Nfxd3 38. Nxd3+ Nxd3 39. Ba1 Nxf2 40. Bxb7
Be4 41. Bxe4 Nxe4+ 42. Kd3 Nc3 43. Bb2 g4 44. Bc1 g3 45. Bf4 g2 46. Bh2 Nd1 0-1

[Event "20th European Teams Women"]
[Site "Reykjavik ISL"]
[Date "2015.11.15"]
[Round "3.3"]
[Board "2"]
[White "Madl, Ildiko"]
[Black "Vojinovic, Jovana"]
[Result "1/2-1/2"]
[WhiteTitle "IM"]
[BlackTitle "WGM"]
[WhiteElo "2343"]
[BlackElo "2295"]
[WhiteTeam "Hungary"]
[BlackTeam "Serbia"]
[WhiteFideId "700550"]
[BlackFideId "937266"]
[EventDate "2015.11.13"]

1. e4 d5 2. exd5 Qxd5 3. Nc3 Qa5 4. d4 Nf6 5. Nf3 Bf5 6. Bd2 e6 7. Bc4 Bb4 8.
O-O Nc6 9. a3 Bxc3 10. Bxc3 Qb6 11. a4 a5 12. Ne5 Nxe5 13. dxe5 Ne4 14. Bd4 Qb4
15. Qe2 O-O 16. c3 Qe7 17. f3 Nc5 18. g4 Bg6 19. f4 Nd7 20. f5 exf5 21. gxf5
Qg5+ 22. Qg2 Qxg2+ 23. Kxg2 Bh5 24. e6 Nb8 25. Kg3 fxe6 26. fxe6 Nc6 27. e7+ Rf7
28. Rae1 Re8 29. Kh4 Bg6 30. Bc5 Nb8 31. Kg5 Nd7 32. Ba3 Nf6 33. Re5 b6 34.
Bxf7+ Kxf7 35. Rd1 Bc2 36. Rd4 c5 37. Rd6 Ne4+ 38. Rxe4 Bxe4 39. Rxb6 Rxe7 40.
Kf4 Bc2 41. Bxc5 Re4+ 42. Kf3 Rxa4 43. Bd4 Rc4 44. Rb7+ Ke6 45. Rxg7 a4 46. Ke3
Bg6 47. Ra7 Bc2 48. Kd2 Bb1 49. Ra5 Bg6 50. h4 Kd6 51. h5 Bb1 52. Re5 Rc8 53.
Ra5 Rc4 54. Kc1 Bd3 55. Kd2 Bb1 56. Rg5 Rc8 57. Rg1 Bf5 58. Rf1 Ke6 59. Ra1 Rc4
60. Re1+ Kd6 61. Re5 Bb1 62. Rb5 Be4 63. Ke3 Bc2 64. Kd2 Be4 65. h6 Bb1 66. Ra5
Be4 67. Bg7 Kc6 68. Bd4 Bb1 69. Ra7 Kd6 70. Ra6+ Kd7 71. Ke3 Bc2 72. Kf4 Rc6 73.
Rxc6 Kxc6 74. Ke5 Bb3 75. Be3 Bc2 76. c4 Bb3 77. Kd4 Bc2 78. Kc3 Bb3 79. Kb4 Bc2
80. Bd4 1/2-1/2

[Event "20th European Teams Women"]
[Site "Reykjavik ISL"]
[Date "2015.11.15"]
[Round "3.3"]
[Board "3"]
[White "Chelushkina, Irina"]
[Black "Rudolf, Anna"]
[Result "1/2-1/2"]
[WhiteTitle "WGM"]
[BlackTitle "IM"]
[WhiteElo "2271"]
[BlackElo "2341"]
[WhiteTeam "Serbia"]
[BlackTeam "Hungary"]
[WhiteFideId "928615"]
[BlackFideId "722855"]
[EventDate "2015.11.13"]

1. e4 e6 2. d3 d5 3. Qe2 Nc6 4. Nf3 e5 5. c3 Nf6 6. Qc2 a5 7. Be2 Be7 8. O-O O-O
9. Nbd2 Re8 10. Re1 Bf8 11. Nf1 h6 12. Ng3 Be6 13. b3 Qd7 14. Rb1 d4 15. Bb2
Rad8 16. cxd4 exd4 17. Rbc1 Rc8 18. Qb1 Nh7 19. Qa1 Rcd8 20. Nf1 Ng5 21. N3d2 f5
22. f4 Nf7 23. Bf3 fxe4 24. dxe4 Bg4 25. e5 Bxf3 26. Nxf3 Qg4 27. Nxd4 Nxd4 28.
Bxd4 Qxf4 29. e6 Rxd4 30. exf7+ Kxf7 31. g3 Qd6 32. Rxe8 Kxe8 33. Qc3 b6 34.
Qxc7 Qxc7 35. Rxc7 Bc5 36. Kg2 Re4 37. Kf3 Re1 38. Nd2 Re3+ 39. Kg4 Re2 40. Nc4
Rxa2 41. Kf5 Rxh2 42. Rxg7 Rc2 43. Rb7 Rc3 44. Ke6 Kd8 45. Nxb6 Bxb6 46. Rxb6
Rxg3 47. Kf5 Kc7 48. Rxh6 Rxb3 49. Ke4 Kb7 50. Kd4 a4 51. Kc4 Rb1 52. Rh7+ Kb6
53. Rh6+ Ka5 54. Rh5+ Kb6 55. Rh6+ Kc7 56. Ra6 Ra1 57. Kb4 Kb7 1/2-1/2

[Event "20th European Teams Women"]
[Site "Reykjavik ISL"]
[Date "2015.11.15"]
[Round "3.3"]
[Board "4"]
[White "Gara, Ticia"]
[Black "Velikic, Adela"]
[Result "1/2-1/2"]
[WhiteTitle "WGM"]
[WhiteElo "2353"]
[BlackElo "2322"]
[WhiteTeam "Hungary"]
[BlackTeam "Serbia"]
[WhiteFideId "717444"]
[BlackFideId "913553"]
[EventDate "2015.11.13"]

1. e4 c5 2. Nf3 Nc6 3. Bb5 d6 4. Bxc6+ bxc6 5. O-O Bg4 6. h3 Bh5 7. Re1 Qc7 8.
e5 e6 9. exd6 Bxd6 10. Na3 Nf6 11. Nc4 Be7 12. b3 O-O 13. Bb2 Rad8 14. Qe2 Rd5
15. Qe3 Ne8 16. Nfe5 f6 17. Nd3 Bf7 18. Ba3 Nd6 19. Nxd6 Qxd6 20. Nb2 Rg5 21.
Nc4 Qd5 22. f3 Re8 23. d3 Bd8 24. Qe4 Bc7 25. Re2 Bg6 26. Qxd5 cxd5 27. Ne3 Be5
28. Rf1 Bd4 29. Kh2 Re5 30. Bc1 Bxe3 31. Rxe3 Rxe3 32. Bxe3 Rc8 33. Kg3 a6 34.
Rb1 Kf7 35. f4 Ke8 36. Kf3 Kd7 37. g4 Kc6 38. h4 h5 39. g5 Bf5 40. Rg1 Bg4+ 41.
Kg3 Rb8 42. Bd2 d4 43. Re1 Kd5 44. Bc1 Re8 45. Bd2 e5 46. gxf6 gxf6 47. fxe5
fxe5 48. Ba5 e4 49. dxe4+ Rxe4 50. Rxe4 Kxe4 51. Kf2 Bd1 52. c4 Bc2 53. b4 cxb4
54. Bxb4 Kd3 55. c5 Ba4 56. a3 Bc6 57. Ke1 Ke3 58. Bd2+ Kd3 59. Bb4 Kc2 60. Bd2
Be4 61. Bb4 Bc6 1/2-1/2

[Event "20th European Teams Women"]
[Site "Reykjavik ISL"]
[Date "2015.11.15"]
[Round "3.4"]
[Board "3"]
[White "De Jong-Muhren, Bianca"]
[Black "Guichard, Pauline"]
[Result "0-1"]
[WhiteTitle "WGM"]
[BlackTitle "WGM"]
[WhiteElo "2312"]
[BlackElo "2338"]
[WhiteTeam "Netherlands"]
[BlackTeam "France"]
[WhiteFideId "1008498"]
[BlackFideId "639370"]
[EventDate "2015.11.13"]

1. e4 e5 2. Nf3 Nc6 3. Nc3 g6 4. Bc4 Bg7 5. a3 d6 6. d3 h6 7. h3 Nge7 8. Be3 Nd4
9. Qd2 c5 10. Nd5 Be6 11. Nh2 b5 12. Ba2 Nxd5 13. Bxd5 Bxd5 14. exd5 Qe7 15.
Bxd4 exd4+ 16. Qe2 Qxe2+ 17. Kxe2 Kd7 18. Nf3 Rhe8+ 19. Kd2 c4 20. Rae1 c3+ 21.
Kc1 b4 22. Rxe8 cxb2+ 23. Kb1 Rxe8 24. axb4 Rb8 25. Kxb2 Rxb4+ 26. Kc1 Rb5 27.
Kd2 a5 28. Ra1 Bf6 29. Ra4 Rxd5 30. Kd1 Kc6 31. Rc4+ Kb6 32. Rc8 Rc5 33. Rb8+
Ka7 34. Rb1 Ka6 35. Rb8 Rc7 36. Nd2 d5 37. Nb3 a4 38. Ra8+ Kb5 39. Rb8+ Kc6 40.
Na5+ Kd7 41. Rb4 a3 42. Ra4 Be7 43. Nb3 Rb7 44. Kc1 Bb4 45. Kb1 Kd6 46. f4 g5
47. Ra6+ Ke7 48. f5 h5 49. g4 hxg4 50. hxg4 Rb8 51. Ka2 Bd6 52. Ra4 Kf6 53. Rxd4
Ke5 54. Ra4 Rb4 55. Ra6 Bf8 56. Ra8 Be7 57. Ra7 Kf6 58. Ra6+ Kg7 59. Ra7 Bf6 60.
Kxa3 Rxg4 61. Nc5 Be5 62. Rd7 d4 63. Kb3 Rh4 64. Kc4 g4 65. Ne4 g3 66. f6+ Kg6
67. Nd2 g2 68. Nf3 Kxf6 69. Ra7 Rf4 70. Ng1 Rf1 71. Ra6+ Kg7 72. Ra5 Bf6 73. Ne2
Re1 0-1

[Event "20th European Teams Women"]
[Site "Reykjavik ISL"]
[Date "2015.11.15"]
[Round "3.5"]
[Board "1"]
[White "Vega Gutierrez, Sabrina"]
[Black "Paehtz, Elisabeth"]
[Result "0-1"]
[WhiteTitle "IM"]
[BlackTitle "IM"]
[WhiteElo "2392"]
[BlackElo "2462"]
[WhiteTeam "Spain"]
[BlackTeam "Germany"]
[WhiteFideId "2219026"]
[BlackFideId "4641833"]
[EventDate "2015.11.13"]

1. e4 c5 2. Nf3 d6 3. d4 Nf6 4. Nc3 cxd4 5. Qxd4 Nc6 6. Bb5 Nd7 7. Qe3 e6 8. O-O
Be7 9. e5 d5 10. Nd4 Nxd4 11. Qxd4 O-O 12. Bf4 a6 13. Bxd7 Bxd7 14. a4 Rc8 15.
Qd3 Rc4 16. Bd2 Qc7 17. b3 Rc6 18. Rae1 f6 19. f4 fxe5 20. fxe5 Rxf1+ 21. Kxf1
Be8 22. Qe3 Bg6 23. Ne2 Rxc2 24. Nd4 Bc5 25. Bc3 Ba7 26. Ba1 Be4 27. Re2 Rc1+
28. Re1 Rxe1+ 29. Kxe1 Qxe5 30. g3 Bc5 31. Bc3 Qd6 32. Qg5 h6 33. Qh5 Bxd4 0-1

[Event "20th European Teams Women"]
[Site "Reykjavik ISL"]
[Date "2015.11.15"]
[Round "3.5"]
[Board "2"]
[White "Osmanodja, Filiz"]
[Black "Matnadze, Ana"]
[Result "0-1"]
[WhiteTitle "WIM"]
[BlackTitle "IM"]
[WhiteElo "2291"]
[BlackElo "2353"]
[WhiteTeam "Germany"]
[BlackTeam "Spain"]
[WhiteFideId "24633569"]
[BlackFideId "13601377"]
[EventDate "2015.11.13"]

1. e4 g6 2. d4 Bg7 3. Nc3 c6 4. Nf3 d6 5. Be3 Nh6 6. Qd2 Ng4 7. Bg5 f6 8. Bh4
Qb6 9. Bc4 Qxb2 10. Rb1 Qa3 11. O-O Qa5 12. Rfe1 Qc7 13. h3 Nh6 14. e5 fxe5 15.
dxe5 d5 16. Bxd5 Nf5 17. Bb3 Nxh4 18. Nxh4 Nd7 19. Ne4 Nxe5 20. f4 Nf7 21. Bxf7+
Kxf7 22. Ng5+ Kg8 23. Qd3 Qxf4 24. Qb3+ e6 25. Nhf3 0-1

[Event "20th European Teams Women"]
[Site "Reykjavik ISL"]
[Date "2015.11.15"]
[Round "3.5"]
[Board "3"]
[White "Collazo Hidalgo-Gato, Niala"]
[Black "Ohme, Melanie"]
[Result "0-1"]
[WhiteTitle "WIM"]
[BlackTitle "WGM"]
[WhiteElo "2259"]
[BlackElo "2301"]
[WhiteTeam "Spain"]
[BlackTeam "Germany"]
[WhiteFideId "3504476"]
[BlackFideId "4690745"]
[EventDate "2015.11.13"]

1. e4 c5 2. Nf3 Nc6 3. d4 cxd4 4. Nxd4 g6 5. Nc3 Bg7 6. Be3 Nf6 7. Bc4 O-O 8.
Bb3 d6 9. h3 Na5 10. O-O b6 11. Qd3 Bb7 12. Rad1 Rc8 13. Nd5 Nd7 14. Bg5 Re8 15.
c3 Nc5 16. Qe3 Naxb3 17. axb3 Qd7 18. Rfe1 e6 19. Nf6+ Bxf6 20. Bxf6 Nxe4 21.
Bh4 e5 22. Nf3 f5 23. b4 Qc6 24. Qh6 Rc7 25. Re3 Rg7 26. Rxe4 fxe4 27. Bf6 Rc7
28. Ng5 Qd7 29. g4 d5 30. Qh4 Qc6 0-1

[Event "20th European Teams Women"]
[Site "Reykjavik ISL"]
[Date "2015.11.15"]
[Round "3.5"]
[Board "4"]
[White "Heinemann, Josefine"]
[Black "Calzetta Ruiz, Monica"]
[Result "1-0"]
[BlackTitle "WGM"]
[WhiteElo "2224"]
[BlackElo "2252"]
[WhiteTeam "Germany"]
[BlackTeam "Spain"]
[WhiteFideId "12900460"]
[BlackFideId "2204185"]
[EventDate "2015.11.13"]

1. e4 c5 2. Nf3 Nc6 3. d4 cxd4 4. Nxd4 g6 5. c4 Nf6 6. Nc3 d6 7. Be2 Nxd4 8.
Qxd4 Bg7 9. Be3 O-O 10. Qd2 a5 11. Rd1 Bd7 12. f3 Bc6 13. b3 Nd7 14. O-O Nc5 15.
Kh1 Qb6 16. Rb1 Rfc8 17. Rfc1 h5 18. Bf1 Kh7 19. a3 Nxb3 20. Qe1 Qd8 21. Rxb3 e6
22. Rbb1 Be5 23. Nb5 h4 24. Na7 Rxa7 25. Bxa7 Qf6 26. Bf2 h3 27. Bg3 hxg2+ 28.
Bxg2 Rh8 29. Bxe5 dxe5 30. Qg3 Kg7 31. Rd1 Rh5 32. Rd6 Qe7 33. Rbd1 Ba4 34. R1d2
Qc7 35. Bf1 Qc5 36. Bh3 Qxa3 37. Bg4 1-0

[Event "20th European Teams Women"]
[Site "Reykjavik ISL"]
[Date "2015.11.15"]
[Round "3.6"]
[Board "1"]
[White "Foisor, Cristina-Adela"]
[Black "Houska, Jovanka"]
[Result "0-1"]
[WhiteTitle "IM"]
[BlackTitle "IM"]
[WhiteElo "2346"]
[BlackElo "2391"]
[WhiteTeam "Romania"]
[BlackTeam "England"]
[WhiteFideId "1200496"]
[BlackFideId "405094"]
[EventDate "2015.11.13"]

1. c4 e6 2. Nf3 d5 3. g3 Nf6 4. Bg2 dxc4 5. Qa4+ Bd7 6. Qxc4 c5 7. Ne5 Qc8 8.
Na3 Nc6 9. Nxd7 Qxd7 10. d3 Be7 11. Be3 Rc8 12. O-O O-O 13. Rac1 b6 14. Bxc6
Rxc6 15. b4 Nd5 16. Bd2 e5 17. b5 Rg6 18. Nc2 Bg5 19. e3 Rd6 20. Ne1 Bf6 21. a4
Rd8 22. Qe4 g6 23. Nf3 Qe6 24. Rfd1 h6 25. Qc4 e4 26. dxe4 Nc3 27. Qxe6 fxe6 28.
Re1 Nxe4 29. Ba5 bxa5 30. Rc4 Nc3 31. Kg2 Rd3 32. Rc1 Na2 33. R1c2 Nb4 34. Rc1
Ra3 35. Re4 Nd3 36. Rcc4 Ra2 37. Rxe6 Rxf2+ 38. Kh3 Rxf3 39. Ra6 Rd7 40. Rxa5
Rxe3 41. Ra6 Kf7 42. a5 Nb4 0-1

[Event "20th European Teams Women"]
[Site "Reykjavik ISL"]
[Date "2015.11.15"]
[Round "3.6"]
[Board "2"]
[White "Ciuksyte, Dagne"]
[Black "Bulmaga, Irina"]
[Result "1/2-1/2"]
[WhiteTitle "IM"]
[BlackTitle "IM"]
[WhiteElo "2356"]
[BlackElo "2391"]
[WhiteTeam "England"]
[BlackTeam "Romania"]
[WhiteFideId "12800619"]
[BlackFideId "13903063"]
[EventDate "2015.11.13"]

1. e4 e5 2. Nf3 Nc6 3. Bb5 a6 4. Ba4 Nf6 5. O-O Be7 6. Re1 b5 7. Bb3 d6 8. c3
O-O 9. h3 Bb7 10. d4 Nd7 11. Nbd2 exd4 12. cxd4 Bf6 13. Nf1 Na5 14. Bc2 Re8 15.
Rb1 c5 16. d5 Nc4 17. Ng3 g6 18. Nh2 Nce5 19. b3 Nb6 20. f4 Ned7 21. Nf3 Rc8 22.
a4 b4 23. a5 Na8 24. e5 dxe5 25. Ne4 exf4 26. Bxf4 Nc7 27. Nxf6+ Qxf6 28. Bxc7
Rxe1+ 29. Qxe1 Rxc7 30. Rd1 Rc8 31. Qg3 Qc3 32. Qf2 Nf6 33. Rd3 Qa1+ 34. Rd1 Qc3
35. Rd3 Qa1+ 36. Rd1 Qb2 37. Ng5 Qe5 38. Nf3 Qb2 39. Ng5 h6 40. Nxf7 Rf8 41.
Nxh6+ Kg7 42. Nf5+ gxf5 43. Qxf5 Rf7 44. d6 Nd7 45. Qg5+ Kf8 46. Qd8+ Kg7 47.
Qg5+ Kf8 1/2-1/2

[Event "20th European Teams Women"]
[Site "Reykjavik ISL"]
[Date "2015.11.15"]
[Round "3.6"]
[Board "3"]
[White "Cosma, Elena-Luminita"]
[Black "Chevannes, Sabrina L"]
[Result "1-0"]
[WhiteTitle "WGM"]
[BlackTitle "WIM"]
[WhiteElo "2303"]
[BlackElo "2106"]
[WhiteTeam "Romania"]
[BlackTeam "England"]
[WhiteFideId "1201590"]
[BlackFideId "411280"]
[EventDate "2015.11.13"]

1. Nf3 Nf6 2. g3 d5 3. Bg2 e6 4. O-O Be7 5. c4 O-O 6. d4 dxc4 7. Qa4 a6 8. Qxc4
b5 9. Qc2 Bb7 10. Bd2 Be4 11. Qc1 Bb7 12. Rd1 Nbd7 13. Ba5 Rc8 14. Nbd2 Qe8 15.
b4 Nb6 16. Qc2 Nfd5 17. a3 Na4 18. Re1 Ndc3 19. Rac1 f5 20. Ne5 Bxg2 21. Kxg2
Bd6 22. Ndf3 Ne4 23. h4 Nac3 24. Qd3 Nd5 25. Rc6 Ra8 26. Rec1 Qd8 27. e3 Nef6
28. Qb3 Ne4 29. Qa2 Rf6 30. Qb3 Rf8 31. R6c2 h6 32. Ng6 Rf6 33. Nfe5 Qe8 34. Nf4
Nec3 35. Rxc3 Nxc3 36. Rxc3 g5 37. Nfg6 Rc8 38. h5 Bxe5 39. dxe5 Rf7 40. Qc2 Qd8
41. Rc5 Kg7 42. Qe2 Rd7 43. Qf3 Rd2 44. g4 f4 45. exf4 Qd4 46. Rxc7+ Rxc7 47.
Bxc7 Rd3 48. Qa8 Qd5+ 49. Qxd5 exd5 50. f5 Rd4 51. e6 Rxg4+ 52. Kf3 Re4 53. Be5+
Kg8 54. f6 g4+ 55. Kg2 1-0

[Event "20th European Teams Women"]
[Site "Reykjavik ISL"]
[Date "2015.11.15"]
[Round "3.6"]
[Board "4"]
[White "Sarakauskiene, Zivile"]
[Black "Sandu, Mihaela"]
[Result "0-1"]
[WhiteTitle "WIM"]
[BlackTitle "WGM"]
[WhiteElo "2145"]
[BlackElo "2207"]
[WhiteTeam "England"]
[BlackTeam "Romania"]
[WhiteFideId "12800864"]
[BlackFideId "1204327"]
[EventDate "2015.11.13"]

1. e4 c5 2. Nf3 d6 3. d4 cxd4 4. Nxd4 Nf6 5. Nc3 a6 6. Be2 g6 7. Be3 Bg7 8. Qd2
Nc6 9. O-O-O O-O 10. f3 Nxd4 11. Bxd4 Be6 12. Kb1 b5 13. g4 b4 14. Nd5 Bxd5 15.
exd5 Qa5 16. g5 Ne8 17. Bxg7 Nxg7 18. h4 Qc5 19. f4 Nf5 20. Rh3 Qf2 21. Bg4 Qxd2
22. Rxd2 Rac8 23. Be2 a5 24. h5 gxh5 25. Bxh5 Rc4 26. Rf3 Re4 27. Rff2 Kg7 28.
c3 bxc3 29. bxc3 Re1+ 30. Rd1 Re3 31. Kc2 Rh3 32. Bf3 Ne3+ 33. Kd2 Nxd1 34. Kxd1
Rb8 35. Kc2 a4 36. Bg4 Rh4 37. Bf5 a3 38. Kc1 Rh1+ 39. Kd2 Rb2+ 40. Bc2 Rxa2 0-1

[Event "20th European Teams Women"]
[Site "Reykjavik ISL"]
[Date "2015.11.15"]
[Round "3.7"]
[Board "1"]
[White "Atalik, Ekaterina"]
[Black "Danielian, Elina"]
[Result "1-0"]
[WhiteTitle "IM"]
[BlackTitle "GM"]
[WhiteElo "2385"]
[BlackElo "2474"]
[WhiteTeam "Turkey"]
[BlackTeam "Armenia"]
[WhiteFideId "4130189"]
[BlackFideId "13300210"]
[EventDate "2015.11.13"]

1. d4 Nf6 2. c4 e6 3. Nf3 Bb4+ 4. Nbd2 b6 5. g3 Bb7 6. Bg2 O-O 7. O-O d5 8. Ne5
Bd6 9. cxd5 exd5 10. Ndc4 Be7 11. Ne3 g6 12. Qb3 c6 13. N3g4 Nbd7 14. Nh6+ Kg7
15. Nhxf7 Rxf7 16. Nxf7 Kxf7 17. e4 Nf8 18. e5 Ne8 19. f4 Bc8 20. h3 Ng7 21. g4
Kg8 22. Qc2 Be6 23. Qxc6 Rc8 24. Qb5 Rc4 25. Be3 h5 26. Rac1 hxg4 27. hxg4 a6
28. Qxa6 Rxc1 29. Rxc1 Bxg4 30. Qb7 Be6 31. Rc7 Nf5 32. Bh3 Kf7 33. Bf2 Nd7 34.
Rc8 Nc5 35. Rxd8 Nxb7 36. Rb8 Na5 37. Rxb6 Nc4 38. Rb7 Ke8 39. b3 Na3 40. Bf1
Nc2 41. a4 Kd8 42. a5 Bc8 43. Rb6 Kc7 44. Rxg6 Ncxd4 45. a6 Bc5 46. Kh1 Nxb3 47.
a7 Bb7 48. Bxc5 Nxc5 49. Rg8 Ne6 50. Ba6 Kb6 51. Bxb7 Kxa7 52. Bc8 Ned4 53. Bxf5
Nxf5 54. Rd8 d4 55. e6 Kb6 56. Rxd4 1-0

[Event "20th European Teams Women"]
[Site "Reykjavik ISL"]
[Date "2015.11.15"]
[Round "3.7"]
[Board "4"]
[White "Kursova, Maria"]
[Black "Topel, Zehra"]
[Result "1/2-1/2"]
[WhiteTitle "WGM"]
[BlackTitle "WIM"]
[WhiteElo "2307"]
[BlackElo "2106"]
[WhiteTeam "Armenia"]
[BlackTeam "Turkey"]
[WhiteFideId "4129709"]
[BlackFideId "6302661"]
[EventDate "2015.11.13"]

1. d4 d5 2. Nf3 c5 3. c4 dxc4 4. e3 cxd4 5. Bxc4 Qc7 6. Qc2 e6 7. Nxd4 Nc6 8.
O-O Nxd4 9. exd4 Bd6 10. h3 Ne7 11. Qe2 O-O 12. Nc3 a6 13. Bg5 Nf5 14. Rad1 h6
15. Be3 b5 16. Bd3 Bb7 17. Qg4 Nxe3 18. fxe3 f5 19. Qh4 Rf6 20. Ne2 Rg6 21. e4
Rf8 22. d5 Be7 23. Qf4 e5 24. Qd2 f4 25. Rf3 Bc5+ 26. Kh2 Qe7 27. Rdf1 Qg5 28.
Nc3 Be3 29. Qe2 Bd4 30. Kh1 Rc8 31. Bc2 Qh4 32. Bb3 Kh7 33. Qe1 Qg5 34. Qd2 Qh4
35. Qe1 Qg5 36. Qd2 Qh4 1/2-1/2

[Event "20th European Teams Women"]
[Site "Reykjavik ISL"]
[Date "2015.11.15"]
[Round "3.8"]
[Board "1"]
[White "Socko, Monika"]
[Black "Olsarova, Karolina"]
[Result "1-0"]
[WhiteTitle "GM"]
[BlackTitle "WIM"]
[WhiteElo "2445"]
[BlackElo "2224"]
[WhiteTeam "Poland"]
[BlackTeam "Czech Republic"]
[WhiteFideId "1106619"]
[BlackFideId "320242"]
[EventDate "2015.11.13"]

1. c4 Nf6 2. Nc3 e5 3. g3 Bb4 4. Bg2 O-O 5. Nf3 Bxc3 6. bxc3 e4 7. Nd4 d6 8. O-O
Nbd7 9. d3 Re8 10. Bf4 Nc5 11. Nb3 Ne6 12. Bd2 Nf8 13. Qc2 Bf5 14. Bg5 exd3 15.
exd3 Rb8 16. Nd4 Bd7 17. Rab1 c6 18. Bf4 c5 19. Nb5 Bxb5 20. Rxb5 Ne6 21. Be3
Qd7 22. a4 b6 23. Rbb1 Ng4 24. Bd2 Ne5 25. f4 Nc6 26. f5 Nc7 27. Bf4 Ne5 28. d4
Nxc4 29. Qd3 d5 30. dxc5 Ne5 31. Bxe5 Rxe5 32. cxb6 axb6 33. a5 Qd6 34. Qd4 b5
35. c4 Ra8 36. Qb6 Qd8 37. cxb5 Rb8 38. Qd4 f6 39. b6 Na6 40. Rb5 Qe8 41. Rxd5 1-0

[Event "20th European Teams Women"]
[Site "Reykjavik ISL"]
[Date "2015.11.15"]
[Round "3.8"]
[Board "2"]
[White "Olsarova, Tereza"]
[Black "Zawadzka, Jolanta"]
[Result "0-1"]
[WhiteTitle "WGM"]
[BlackTitle "WGM"]
[WhiteElo "2307"]
[BlackElo "2439"]
[WhiteTeam "Czech Republic"]
[BlackTeam "Poland"]
[WhiteFideId "325449"]
[BlackFideId "1122320"]
[EventDate "2015.11.13"]

1. e4 c5 2. Nf3 e6 3. d4 cxd4 4. Nxd4 Nc6 5. Nc3 Qc7 6. Be2 Nf6 7. Be3 a6 8. O-O
Bb4 9. Na4 O-O 10. c4 Be7 11. Nc3 Rd8 12. Rc1 b6 13. f3 Bb7 14. Qe1 Nxd4 15.
Bxd4 Bc5 16. Qf2 d6 17. Kh1 Rac8 18. b4 Bxd4 19. Qxd4 Bc6 20. Rfd1 Qb8 21. a3 h6
22. Bf1 Be8 23. Qe3 Qb7 24. Bd3 Nd7 25. f4 Qc7 26. Bb1 Nf6 27. Bd3 Rb8 28. Rf1
Qe7 29. Rce1 Bc6 30. Bb1 e5 31. Nd5 Bxd5 32. exd5 b5 33. c5 e4 34. c6 Nxd5 35.
Qd4 Nf6 36. Bxe4 Nxe4 37. Rxe4 Qc7 38. f5 Re8 39. Rg4 Re5 40. Qf4 Kh7 41. f6 g6
42. Rh4 h5 43. g4 Qxc6+ 44. Rf3 Rbe8 45. gxh5 g5 46. Qg3 Re1+ 47. Kg2 R8e2+ 0-1